Statistics for Adirondack 46 High Peaks

Click here to take the quiz!

General Stats

  • This quiz has been taken 106 times
  • The average score is 26 of 46

Answer Stats

#HeightAnswer% Correct
15,344 ftMt. Marcy
98%
25,114 ftAlgonquin Peak
83%
34,960 ftMt. Haystack
78%
54,867 ftWhiteface Mtn.
78%
364,098 ftCascade Mtn.
75%
134,620 ftNippletop
73%
124,627 ftGiant Mtn.
70%
304,175 ftLower Wolfjaw Mtn.
68%
384,059 ftPorter Mtn.
68%
294,185 ftUpper Wolfjaw Mtn.
68%
274,240 ftBig Slide Mtn.
65%
64,857 ftDix Mtn.
65%
44,920 ftMt. Skylight
65%
104,736 ftGothics
63%
194,427 ftTable Top Mtn.
60%
164,580 ftWright Peak
60%
463,820 ftCouchsachraga Peak
58%
74,840 ftGray Peak
58%
453,895 ftNye Mtn.
58%
324,161 ftPhelps Mtn.
58%
354,100 ftSawteeth
58%
284,240 ftEsther Mtn.
55%
114,714 ftMt. Colden
55%
184,442 ftPanther Peak
55%
424,012 ftGrace Peak
53%
84,840 ftIroquois Peak
53%
174,515 ftSaddleback Mtn.
53%
144,607 ftSantanoni Peak
53%
374,060 ftSouth Dix
53%
314,166 ftStreet Mtn.
53%
224,400 ftArmstrong Mtn.
50%
94,827 ftBasin Mtn.
50%
414,020 ftDial Mtn.
50%
394,057 ftMt. Colvin
50%
404,040 ftMt. Emmons
50%
154,606 ftMt. Redfield
50%
433,960 ftBlake Peak
48%
204,420 ftRocky Peak Ridge
48%
244,361 ftSeward Mtn.
48%
443,960 ftCliff Mtn.
45%
234,400 ftHough Peak
45%
214,405 ftMacomb Mtn.
45%
334,140 ftMt. Donaldson
45%
254,360 ftMt. Marshall
43%
344,120 ftSeymour Mtn.
43%
264,340 ftAllen Mtn.
40%

Score Distribution

Percentile by Number Answered

Percent of People with Each Score

Your Score History

You have not taken this quiz